000 00227nam a22000857a 4500
008 160816b xxu||||| |||| 00| 0 eng d
100 _9133
_aDass H.K
245 _aMathematics-X
_bTerm-I
260 _aNew Delhi
_bS.Chand publication
_c2011
999 _c2788
_d2788